00880nam a2200193 a 450000100100000000500170001000800410002704000250006810000280009324501290012126000690025030000170031965000240033670000320036070000520039295201120044495201130055699900170066900003631120200930075648.0120113s1959 ag 000 0 spa d aDO-SdBNPbspacBNPHU1 aJosserand, Louis96246210aDerecho civil /cLouis Josserand ; revisado y completado por André Brun ; traducción de Santiago Cunchillos y Manterola. a[Buenos Aires] :bEdiciones Jurídicas Europa-América,c1959. av. ;c21 cm.24aDerecho civil935741 aBrun, André,erev.9624631 aCunchillos y Manterola, Santiago,etrad.962464 001050718MOaGRbGRcCTd2012-01-13iLF1l0ot.1, v.1p36312-10r2020-06-25w2020-06-25y1ZNo se presta 0010507-18MOaGRbGRcOId2012-01-13iLF1l0ot.2, v.1p36312-20r2020-06-25w2020-06-25y1ZNo se presta c35802d35802